Tous les vainqueurs de la Bundesliga - Statistiques

Statistiques générales
  • Ce quiz a été pris 379 fois
  • Le résultat moyen est 6 sur 24
Statistiques - réponses
Nombres de fois vainqueurs Réponse % Correct
32 Bayern Munich
99%
8 Borussia Dortmund
78%
7 Hambourg
50%
7 Schalke 04
49%
5 Stuttgart
45%
1 Wolfsburg
45%
3 Cologne
39%
1 Union Berlin
35%
5 Borussia Mönchengladbach
30%
9 Nuremberg
29%
1 Eintracht Francfort
22%
1 Fribourg
22%
4 Werder Bremen
22%
2 Herta Berlin
18%
4 Kaiserslautern
18%
1 Fortuna Dusseldorf
5%
3 Greuther Fürth
5%
2 Hannover 96
2%
1 Mannheim
2%
2 Dresdner
1%
1 Eintracht Braunschweig
1%
1 Holstein Kiel
1%
3 Lok Leipzig
0%
2 Viktoria Berlin
0%
Aucun quiz correspondant
Distribution des résultats
% des personnes avec chaque résultat
Percentile par nombre de réponses
Votre historique - résultats
Vous n’avez pas pris ce quiz